The economic writings of Sir William Petty : together with the Observations upon the bills of mortality, more probably by Captain John Graunt /

Bibliographic Details
Main Author: Petty, William, Sir, 1623-1687
Other Authors: Graunt, John, 1620-1674, Hull, Charles Henry, 1864-1936
Format: Book
Language:English
Published: Cambridge : The University press, 1899.
Subjects:

MARC

Tag First Indicator Second Indicator Subfields
LEADER 00000cam a2200000 4500
001 in00000063386
005 20151008051744.0
008 720406s1899 enkah b 00000 eng
035 |a (OCoLC)00276846 
035 |9 AAG9790AM 
040 |a DLC  |c YNG  |d TXA  |d UtOrBLW 
049 |a TXAM  |v 1 [181916]  |v 2 [181917] 
090 |a HB151  |b .P5 
092 |a 330.1  |b P512e 
100 1 |a Petty, William,  |c Sir,  |d 1623-1687. 
245 1 4 |a The economic writings of Sir William Petty :  |b together with the Observations upon the bills of mortality, more probably by Captain John Graunt /  |c ed. by Charles Henry Hull... 
264 1 |a Cambridge :  |b The University press,  |c 1899. 
300 |a 2 volumes :  |b frontispiece (facsimiles) tables (part folded) 
336 |a text  |b txt  |2 rdacontent 
337 |a unmediated  |b n  |2 rdamedia 
338 |a volume  |b nc  |2 rdacarrier 
500 |a Paged continuously; volumeI, xci, 313 pages; vol.II, 3 pl. 1., [315]-700p. 
650 0 |a Economics. 
700 1 |a Graunt, John,  |d 1620-1674. 
700 1 |a Hull, Charles Henry,  |d 1864-1936. 
999 |a MARS 
999 f f |s 479995be-9f5e-346a-872d-5825256f850b  |i 21b3aa4b-7791-31a6-b7f1-b76be7394d25  |t 0 
952 f f |p normal  |a Texas A&M University  |b College Station  |c Sterling C. Evans Library  |d Evans: Library Stacks  |t 0  |e HB151 .P5  |h Library of Congress classification  |i unmediated -- volume  |k v.2  |m A14800691492 
952 f f |p normal  |a Texas A&M University  |b College Station  |c Sterling C. Evans Library  |d Evans: Library Stacks  |t 0  |e HB151 .P5  |h Library of Congress classification  |i unmediated -- volume  |k v.1  |m A14800691484 
998 f f |a HB151 .P5  |s v.1-v.2  |t 0  |l Evans: Library Stacks